| 000 | 00704nam a2200229 a 4500 | ||
|---|---|---|---|
| 003 | PILC | ||
| 005 | 20160220095058.0 | ||
| 008 | 101018s19uu xx 00 eng d | ||
| 020 | _a978-0-205-52500-3 | ||
| 050 |
_aBF 637.N66 _b.B86 2010 |
||
| 100 | _aBurgoon, Judee K. | ||
| 245 |
_aNonverbal communication / _cJudee K. Burgoon, Laura K. Guerrero, Kory Floyd. |
||
| 260 |
_aBoston : _bAllyn & Bacon, _c2010. |
||
| 300 |
_a509 pages : _c24 cm. _billustrations ; |
||
| 500 | _aIncludes bibliographical references and index. | ||
| 650 | _aBody language. | ||
| 650 | _aNonverbal communication. | ||
| 700 | _aGuerrero, Laura K. | ||
| 700 | _aFloyd, Kory. | ||
| 942 |
_cBK _2lcc _kFOR |
||
| 999 |
_c24140 _d24140 |
||